Investičné a hypotekárne bankovníctvo I. Investičné bankovníctvo

Bibliographic Details
Main Authors: Chovancová, Božena, 1952- (Author), Malacká, Viera, 1956- (Author), Tkáčová, Dana (Author), Demjan, Valér (Author), Kušnír, Peter (Author)
Format: Book
Language:Slovak
PhysicalDescription:251 s. grafy, tab. 25 cm
Published: Bratislava Iura edition 2008
ISBN:9788080782238
Series:Ekonómia
Subjects:

MARC

LEADER 00000cam a2200000 a 4500
001 vtls009489051
003 SK-MaSNL
005 20260302010053.0
008 251124s2008 xo dl f p 000 0 slo
015 |a SNBA2009/07-03605 
020 |a 9788080782238  |q (viaz.) 
035 |a AEBF4504-70AB-4C23-A97D-C399222FE89E 
035 |a urn:nbn:sk:snk-amk88v 
035 |a urn:nbn:sk:snk-am008cj2 
040 |a SNK  |b slo  |c SNK  |e AACR2 
041 0 |a slo 
044 |a xo  |c SK 
072 7 |a 336.7  |x Financie  |2 konspekt 
080 |a 336.71:336.76  |2 2001 
080 |a (075.8)  |2 2001 
080 |a 336.71  |2 2001 
100 1 |a Chovancová, Božena,  |d 1952-  |4 aut  |9 216167 
245 1 0 |a Investičné a hypotekárne bankovníctvo  |c Božena Chovancová a kolektív  |n I.  |p Investičné bankovníctvo 
246 1 0 |a Investičné bankovníctvo 
260 |a Bratislava  |b Iura edition  |c 2008 
300 |a 251 s.  |b grafy, tab.  |c 25 cm 
490 1 |a Ekonómia  |v 273 
504 |a Bibliogr. s. 247-249 
650 0 7 |a bankovníctvo  |2 SNKPH  |9 2101 
650 0 7 |a investičné bankovníctvo  |2 SNKPH  |9 75627 
650 0 7 |a Banking  |2 SNKPHeng  |9 265497 
650 0 7 |a Investment banking  |2 SNKPHeng  |9 606055 
655 7 |a učebnice vysokých škôl  |2 SNKPH  |9 70191 
655 7 |a Textbooks (higher)  |2 SNKPHeng  |9 276436 
700 1 |a Malacká, Viera,  |d 1956-  |4 aut  |9 233793 
700 1 |a Tkáčová, Dana  |4 aut  |9 12002 
700 1 |a Demjan, Valér  |4 aut  |9 81365 
700 1 |a Kušnír, Peter  |4 aut  |9 648379 
810 2 |a Ekonomická univerzita v Bratislave  |t Ekonómia  |9 323052 
830 0 |a Ekonómia  |9 290125 
919 |a 978-80-8078-223-8 
958 |a NB 
958 |a OND 
968 |d 33 
999 |c 1001826  |d 1003756 
952 |a SNK  |b SNK  |y PREZ  |7 0  |p 17A0623570  |o snkSC 136088/1  |i snk2009/10784  |8 0  |0 0  |1 0  |4 0  |d 2009-06-15  |l 0  |r 2025-07-02 00:00:00  |w 2026-02-24 
952 |a SNK  |b SNK  |y VYP  |7 0  |p 17A0623569  |o snkSC 136088/1 D1  |i snk2009/10785  |8 0  |0 0  |1 0  |4 0  |d 2009-06-15  |l 0  |r 2026-02-24 12:23:32  |w 2026-02-24